000 00495nam a2200169Ia 4500
999 _c14050
_d14050
003 OSt
005 20201020110824.0
008 190216s9999||||xx |||||||||||||| ||und||
040 _coclc
082 _a181.4
_bKRI/K
100 _aKrishnamurti, I
_95962
245 0 _aKrishnamurti's Notebook /
_cI Krishnamurti
260 _bKrishnamurti Foundation Inida ,
_c1995.
_aLondon:
300 _a252p
650 _aEnglish General
942 _cBK
_2ddc
_h181.4
_iKRI/K
_k181.4
_mKRI/K